[Event "Buenos Aires Duchamp Memorial op 4th"]
[Site "Buenos Aires"]
[Date "2012.10.27"]
[Round "5"]
[White "Baudel, Simon"]
[Black "Chadwick, Norman William"]
[Result "0-1"]
[WhiteElo "1808"]
[BlackElo "2197"]
[PlyCount "60"]
[EventDate "2012.10.22"]
[EventType "swiss"]
[EventRounds "9"]
[EventCountry "ARG"]
[SourceTitle "EXT 2013"]
[Source "ChessBase"]
[SourceDate "2012.11.22"]
[SourceVersion "1"]
[SourceVersionDate "2012.11.22"]
[SourceQuality "1"]

1. e4 c5 2. c3 d5 3. e5 Nc6 4. d4 Bf5 5. Bd3 Bxd3 6. Qxd3 e6 7. Ne2 Nge7 8. 0-0 Nf5 9. Be3 Qb6 10. b3 Rc8 11. Nd2 cxd4 12. cxd4 Ba3 13. Nf3 Nb4 14. Qd2 Rc2 15. Qd1 0-0 16. Ne1 Rxa2 17. Rxa2 Nxa2 18. Nd3 Be7 19. Qc2 Nb4 20. Nxb4 Bxb4 21. Rc1 h6 22. g4 Ne7 23. Qc7 Qxc7 24. Rxc7 Rb8 25. Nc1 Nc6 26. Na2 Ba5 27. Rd7 Kf8 28. g5 hxg5 29. Nb4 Ke8 30. Rd6 Bc7 0-1

[Event "Buenos Aires Duchamp Memorial op 4th"]
[Site "Buenos Aires"]
[Date "2012.10.24"]
[Round "3"]
[White "Picollo, Pablo"]
[Black "Chadwick, Norman William"]
[Result "1-0"]
[WhiteElo "1967"]
[BlackElo "2197"]
[PlyCount "88"]
[EventDate "2012.10.22"]
[EventType "swiss"]
[EventRounds "9"]
[EventCountry "ARG"]
[SourceTitle "EXT 2013"]
[Source "ChessBase"]
[SourceDate "2012.11.22"]
[SourceVersion "1"]
[SourceVersionDate "2012.11.22"]
[SourceQuality "1"]

1. e4 c5 2. Nf3 Nc6 3. d3 g6 4. g3 Bg7 5. Bg2 d6 6. 0-0 e5 7. Nc3 Nge7 8. Bg5 h6 9. Be3 Be6 10. Qd2 Qd7 11. a4 b6 12. Ne1 d5 13. exd5 Nxd5 14. Bxd5 Bxd5 15. f4 exf4 16. Rxf4 g5 17. Rf1 Be6 18. Ng2 Nd4 19. Rae1 0-0-0 20. a5 b5 21. Ne4 Qc6 22. c3 Nb3 23. Qc2 f5 24. Nd2 Nxa5 25. Ra1 Qc7 26. Ra3 Bf8 27. Rfa1 Nc6 28. Nb3 c4 29. Rxa7 Nxa7 30. Rxa7 Qb8 31. dxc4 bxc4 32. Na5 Rd6 33. Qa4 Bd7 34. Qxc4+ Kd8 35. Rb7 Qc8 36. Qb3 Be6 37. c4 Bxc4 38. Nxc4 Qc6 39. Nxd6 Bxd6 40. Rb8+ Bxb8 41. Qxb8+ Qc8 42. Qd6+ Ke8 43. Bc5 Kf7 44. Qd5+ Kg6 1-0

[Event "Latin Cup"]
[Site "Montevideo"]
[Date "2011.11.04"]
[Round "5"]
[White "Chadwick, Norman William"]
[Black "Real de Azua, Ernesto"]
[Result "1/2-1/2"]
[WhiteElo "2196"]
[BlackElo "2459"]
[PlyCount "43"]
[EventDate "2011.11.01"]
[EventType "swiss"]
[EventRounds "9"]
[EventCountry "URU"]
[SourceTitle "EXT 2012"]
[Source "ChessBase"]
[SourceDate "2011.11.24"]
[SourceVersion "1"]
[SourceVersionDate "2011.11.24"]
[SourceQuality "1"]

1. Nf3 Nf6 2. g3 d5 3. Bg2 c6 4. 0-0 Bf5 5. d3 h6 6. Nbd2 e6 7. Qe1 Bh7 8. e4 Be7 9. Qe2 0-0 10. Re1 Re8 11. h3 c5 12. Ne5 Qc7 13. f4 Nc6 14. Nxc6 Qxc6 15. c4 Qa6 16. b3 Rad8 17. Bb2 dxe4 18. dxe4 Nd7 19. Qg4 Nf6 20. Qe2 Nd7 21. Qg4 Nf6 22. Qe2 1/2-1/2

[Event "Latin Cup"]
[Site "Montevideo"]
[Date "2011.11.04"]
[Round "6"]
[White "Egoroff, Jomar"]
[Black "Chadwick, Norman William"]
[Result "1-0"]
[WhiteElo "2311"]
[BlackElo "2196"]
[PlyCount "115"]
[EventDate "2011.11.01"]
[EventType "swiss"]
[EventRounds "9"]
[EventCountry "URU"]
[SourceTitle "EXT 2012"]
[Source "ChessBase"]
[SourceDate "2011.11.24"]
[SourceVersion "1"]
[SourceVersionDate "2011.11.24"]
[SourceQuality "1"]

1. e4 Nf6 2. e5 Nd5 3. d4 d6 4. Nf3 dxe5 5. Nxe5 c6 6. Nd2 Nd7 7. Ndf3 Nxe5 8. Nxe5 g6 9. Qf3 Be6 10. Bc4 Bg7 11. 0-0 0-0 12. Re1 Nc7 13. Bxe6 Nxe6 14. c3 Qd5 15. Qxd5 cxd5 16. Bd2 Rfe8 17. Re2 Nd8 18. Rae1 f6 19. Nd3 Kf7 20. Nf4 Rc8 21. Nxd5 Nc6 22. Bf4 e5 23. dxe5 fxe5 24. Bg3 Rcd8 25. Ne3 Na5 26. Ng4 Nc4 27. b3 h5 28. Re4 hxg4 29. Rxc4 Rc8 30. Rxc8 Rxc8 31. c4 Rd8 32. Kf1 Rd2 33. Bxe5 Bxe5 34. Rxe5 Rxa2 35. Rd5 b6 36. b4 Kf6 37. b5 Rc2 38. Rd6+ Kf5 39. Rc6 Kg5 40. Rc7 Ra2 41. h3 gxh3 42. gxh3 Kf4 43. Kg2 Kg5 44. Kg3 Ra3+ 45. f3 Ra4 46. h4+ Kf5 47. Rf7+ Ke6 48. Rf4 Ra1 49. Kf2 Ra3 50. Kg3 Ra1 51. Rd4 Rh1 52. Kg4 Rg1+ 53. Kf4 Rg2 54. Rd8 Ke7 55. Ra8 Ra2 56. c5 bxc5 57. b6 Rb2 58. bxa7 1-0

[Event "Villa Martelli Rubinstein Memorial"]
[Site "Villa Martelli"]
[Date "2008.08.06"]
[Round "9.2"]
[White "Chadwick, Norman William"]
[Black "Cervetto, Esteban"]
[Result "0-1"]
[WhiteElo "2207"]
[BlackElo "2164"]
[PlyCount "82"]
[EventDate "2008.07.29"]
[EventType "swiss"]
[EventRounds "9"]
[EventCountry "ARG"]
[SourceTitle "EXT 2024"]
[Source "ChessBase"]
[SourceDate "2023.10.10"]
[SourceVersion "1"]
[SourceVersionDate "2023.10.10"]
[SourceQuality "1"]

1. Nf3 d6 2. g3 e5 3. d3 Be7 4. Bg2 f5 5. 0-0 c6 6. c4 Be6 7. Nc3 Na6 8. Re1 Bf6 9. Rb1 h6 10. e3 Ne7 11. b4 0-0 12. b5 Nc5 13. Na4 cxb5 14. Nxc5 dxc5 15. Rxb5 b6 16. Qc2 Qd6 17. d4 cxd4 18. exd4 e4 19. d5 Bd7 20. Bf4 Qa3 21. Rb3 Qa5 22. Bd2 Qc5 23. Bb4 Qc8 24. Bxe7 Bxe7 25. Ne5 Ba4 26. Nc6 Bxc6 27. dxc6 Qxc6 28. Rd1 Rac8 29. Bf1 Kh7 30. Qb1 Bc5 31. Rd5 Rcd8 32. Qd1 Qf6 33. Bh3 Rxd5 34. Qxd5 Qa1+ 35. Bf1 Qxa2 36. Re3 Bxe3 37. fxe3 Qa3 38. Kf2 Qc5 39. Qd7 f4 40. gxf4 Rxf4+ 41. Ke2 Qxc4+ 0-1

[Event "Villa Martelli Rubinstein Memorial"]
[Site "Villa Martelli"]
[Date "2008.07.30"]
[Round "2.1"]
[White "Goiriz, Yahari Damian"]
[Black "Chadwick, Norman William"]
[Result "1-0"]
[WhiteElo "2086"]
[BlackElo "2207"]
[PlyCount "81"]
[EventDate "2008.07.29"]
[EventType "swiss"]
[EventRounds "9"]
[EventCountry "ARG"]
[SourceTitle "EXT 2024"]
[Source "ChessBase"]
[SourceDate "2023.10.10"]
[SourceVersion "1"]
[SourceVersionDate "2023.10.10"]
[SourceQuality "1"]

1. e4 d5 2. exd5 Qxd5 3. Nc3 Qd6 4. d4 Nf6 5. Bc4 a6 6. Nf3 b5 7. Bb3 Bb7 8. Ne5 e6 9. Bf4 c5 10. Ng6 Qxd4 11. Qxd4 cxd4 12. Nxh8 dxc3 13. 0-0-0 Nbd7 14. Bd6 Nb6 15. Rhe1 Nbd5 16. Be5 Bb4 17. bxc3 Ba3+ 18. Kb1 Ke7 19. g4 h6 20. h4 Rxh8 21. g5 hxg5 22. hxg5 Nd7 23. Bxd5 Bxd5 24. Rxd5 Nxe5 25. Rdxe5 g6 26. f4 Bd6 27. R5e4 Rh3 28. Kb2 Rf3 29. c4 Rxf4 30. Rxf4 Bxf4 31. cxb5 axb5 32. Rg1 e5 33. Kb3 Kd6 34. c4 Kc5 35. cxb5 Kxb5 36. Rg4 Ka5 37. Kc4 Ka4 38. Kd5 Ka3 39. Rg2 Ka4 40. Kd6 e4+ 41. Ke7 1-0

[Event "Villa Ballester CAVB 2nd"]
[Site "Villa Ballester"]
[Date "2004.04.24"]
[Round "5"]
[White "Aberbach Peltzman, Angel Sergio"]
[Black "Chadwick, Norman William"]
[Result "0-1"]
[WhiteElo "2102"]
[BlackElo "2211"]
[PlyCount "52"]
[EventDate "2004.04.17"]
[EventType "tourn"]
[EventRounds "9"]
[EventCountry "ARG"]
[SourceTitle "EXT 2005"]
[Source "ChessBase"]
[SourceDate "2004.11.15"]
[SourceVersion "1"]
[SourceVersionDate "2004.11.15"]
[SourceQuality "1"]

1. d4 Nf6 2. Nf3 c5 3. e3 b6 4. Bd3 Bb7 5. 0-0 e6 6. b3 Be7 7. Bb2 0-0 8. Nbd2 d6 9. c4 Nbd7 10. e4 cxd4 11. Nxd4 a6 12. Re1 Qc7 13. Bf1 Rac8 14. g3 Qb8 15. Bg2 Qa8 16. Qe2 Rfe8 17. g4 h6 18. h3 Bf8 19. Rac1 Nc5 20. Rc3 d5 21. e5 Nfe4 22. Nxe4 dxe4 23. Rg3 Nd3 24. Rb1 g6 25. Nc2 Nxb2 26. Rxb2 Bg7 0-1

[Event "Villa Ballester CAVB 2nd"]
[Site "Villa Ballester"]
[Date "2004.04.17"]
[Round "2"]
[White "Chadwick, Norman William"]
[Black "Alvarez, Roberto Gabriel"]
[Result "1/2-1/2"]
[WhiteElo "2211"]
[BlackElo "2083"]
[PlyCount "64"]
[EventDate "2004.04.17"]
[EventType "tourn"]
[EventRounds "9"]
[EventCountry "ARG"]
[SourceTitle "EXT 2005"]
[Source "ChessBase"]
[SourceDate "2004.11.15"]
[SourceVersion "1"]
[SourceVersionDate "2004.11.15"]
[SourceQuality "1"]

1. e4 Nf6 2. Nc3 d5 3. e5 Nfd7 4. f4 e6 5. Nf3 c5 6. g3 Nc6 7. Bg2 Be7 8. 0-0 0-0 9. Kh1 f6 10. exf6 Nxf6 11. d4 Bd7 12. Be3 b6 13. Qe2 Qc7 14. Rae1 Rae8 15. Bg1 Qc8 16. Bh3 cxd4 17. Nxd4 Nxd4 18. Bxd4 Bb4 19. Qe5 Qc6 20. Qg5 Qc4 21. Qe5 Qc6 22. Rf3 Rf7 23. Qe2 Rfe7 24. Re3 Bc8 25. Bg2 Bc5 26. Qd2 Ng4 27. R3e2 Kf8 28. a3 Ba6 29. Re5 Bxd4 30. Qxd4 Nxe5 31. Rxe5 Qc4 32. Qd1 Qc8 1/2-1/2

[Event "Villa Ballester CAVB"]
[Site "Villa Ballester"]
[Date "2004.04.02"]
[Round "7"]
[White "Alvarez, Roberto Gabriel"]
[Black "Chadwick, Norman William"]
[Result "1/2-1/2"]
[WhiteElo "2091"]
[BlackElo "2211"]
[PlyCount "63"]
[EventDate "2004.03.19"]
[EventType "tourn"]
[EventRounds "9"]
[EventCountry "ARG"]
[SourceTitle "CBM 099 Extra"]
[Source "ChessBase"]
[SourceDate "2004.05.04"]
[SourceVersion "1"]
[SourceVersionDate "2004.05.04"]
[SourceQuality "1"]

1. d4 Nf6 2. c4 c5 3. d5 e6 4. Nc3 exd5 5. cxd5 d6 6. e4 g6 7. Bd3 Bg7 8. Nge2 0-0 9. 0-0 Na6 10. f3 Rb8 11. Kh1 Nc7 12. Rb1 b5 13. b4 c4 14. Bc2 Nh5 15. Be3 a6 16. g4 Nf6 17. Bg5 h6 18. Bh4 g5 19. Bg3 h5 20. h3 hxg4 21. fxg4 Qe7 22. Nd4 Bd7 23. Qd2 Nh7 24. Nf3 Ne8 25. e5 dxe5 26. Bxh7+ Kxh7 27. Nxg5+ Kg8 28. Nge4 Rb6 29. Bf2 Rh6 30. Kg2 f5 31. g5 Rh8 32. Bc5 1/2-1/2

[Event "Villa Ballester CAVB"]
[Site "Villa Ballester"]
[Date "2004.03.27"]
[Round "4"]
[White "Brunetti, Fernando"]
[Black "Chadwick, Norman William"]
[Result "0-1"]
[WhiteElo "1865"]
[BlackElo "2211"]
[PlyCount "86"]
[EventDate "2004.03.19"]
[EventType "tourn"]
[EventRounds "9"]
[EventCountry "ARG"]
[SourceTitle "CBM 099 Extra"]
[Source "ChessBase"]
[SourceDate "2004.05.04"]
[SourceVersion "1"]
[SourceVersionDate "2004.05.04"]
[SourceQuality "1"]

1. e4 d6 2. d4 g6 3. Nc3 Bg7 4. f4 Nd7 5. Nf3 e6 6. Be3 Ne7 7. Be2 a6 8. Qd2 b5 9. a3 Bb7 10. 0-0-0 Nb6 11. g4 f5 12. Rhg1 Qd7 13. gxf5 exf5 14. e5 Nc4 15. Bxc4 Bxf3 16. Be2 Bxe2 17. Qxe2 d5 18. Bf2 Rb8 19. Bh4 Rb6 20. Qf3 c6 21. Nb1 a5 22. Qc3 b4 23. Qe3 bxa3 24. Qxa3 Nc8 25. Nd2 Bf8 26. e6 Qb7 27. Qxa5 Bb4 28. Qa2 Bxd2+ 29. Rxd2 Nd6 30. b3 Ne4 31. Rd3 Ra6 32. Qb2 Qc8 33. e7 Qc7 34. Rf3 Kf7 35. Kd1 Rha8 36. Ke2 Ra2 37. Qc1 c5 38. Rd3 cxd4 39. Kf3 Rxc2 40. Qd1 Raa2 41. Rxd4 Rf2+ 42. Bxf2 Rxf2+ 43. Ke3 Qxf4+ 0-1

[Event "Najdorf U26 qual op"]
[Site "Buenos Aires"]
[Date "2003.10.02"]
[Round "3.1"]
[White "Lafuente, Pablo"]
[Black "Chadwick, Norman William"]
[Result "1-0"]
[WhiteElo "2424"]
[BlackElo "2208"]
[PlyCount "52"]
[EventDate "2003.10.01"]
[EventType "swiss"]
[EventRounds "9"]
[EventCountry "ARG"]
[SourceTitle "EXT 2004"]
[Source "ChessBase"]
[SourceDate "2003.11.25"]
[SourceVersion "1"]
[SourceVersionDate "2003.11.25"]
[SourceQuality "1"]

1. d4 Nf6 2. c4 c5 3. Nf3 cxd4 4. Nxd4 b6 5. Nc3 Bb7 6. f3 e6 7. e4 d6 8. Be2 Be7 9. 0-0 0-0 10. Be3 a6 11. Qd2 Nbd7 12. Rfd1 Qc7 13. Rac1 Rac8 14. Bf1 Rfe8 15. Nc2 Qb8 16. Qf2 Bd8 17. a4 Bc7 18. g3 Qa8 19. Be2 Kh8 20. Nd4 Rg8 21. b4 g5 22. Nd5 exd5 23. cxd5 Ne5 24. Nf5 g4 25. Bd4 Qb8 26. f4 Ned7 1-0

[Event "Vicente Lopez IRT op"]
[Site "Vicente Lopez"]
[Date "2003.07.29"]
[Round "5.3"]
[White "Chadwick, Norman William"]
[Black "Chtcherbine, Andrei"]
[Result "0-1"]
[WhiteElo "2177"]
[BlackElo "2156"]
[PlyCount "70"]
[EventDate "2003.07.25"]
[EventType "swiss"]
[EventRounds "10"]
[EventCountry "ARG"]
[SourceTitle "CBM 095 Extra"]
[Source "ChessBase"]
[SourceDate "2003.09.04"]
[SourceVersion "1"]
[SourceVersionDate "2003.09.04"]
[SourceQuality "1"]

1. f4 d5 2. Nf3 c5 3. e3 Nc6 4. Bb5 Bd7 5. 0-0 Qc7 6. b3 e6 7. Bxc6 Bxc6 8. Bb2 f6 9. d3 Bd6 10. Nbd2 Nh6 11. Qe1 0-0 12. a4 Rae8 13. Kh1 b6 14. Rg1 d4 15. exd4 Bxf4 16. dxc5 bxc5 17. Ne4 Nf5 18. Bc1 Bxh2 19. Nxh2 Bxe4 20. Nf1 Ba8 21. Qf2 g5 22. Ba3 Qg7 23. Bc1 Qg6 24. Bd2 Rd8 25. Be1 Rd4 26. Qe2 e5 27. Nh2 g4 28. c3 Rf4 29. Rf1 g3 30. Rxf4 exf4 31. Qe6+ Kh8 32. Nf1 Re8 33. Qd7 Qh5+ 34. Kg1 Bxg2 35. Kxg2 Nh4+ 0-1

[Event "Vicente Lopez IRT op"]
[Site "Vicente Lopez"]
[Date "2003.07.27"]
[Round "3.1"]
[White "Chadwick, Norman William"]
[Black "Fusco, Leonardo"]
[Result "0-1"]
[WhiteElo "2177"]
[BlackElo "2233"]
[PlyCount "80"]
[EventDate "2003.07.25"]
[EventType "swiss"]
[EventRounds "10"]
[EventCountry "ARG"]
[SourceTitle "CBM 095 Extra"]
[Source "ChessBase"]
[SourceDate "2003.09.04"]
[SourceVersion "1"]
[SourceVersionDate "2003.09.04"]
[SourceQuality "1"]

1. f4 c5 2. Nf3 Nf6 3. e3 g6 4. Be2 Bg7 5. 0-0 0-0 6. d3 d5 7. Qe1 Nc6 8. a4 Re8 9. Qh4 Bg4 10. Nc3 d4 11. Ne4 Bxf3 12. Rxf3 Nxe4 13. dxe4 e5 14. Qxd8 Rexd8 15. f5 Bh6 16. Bc4 Rd7 17. fxg6 hxg6 18. Bd2 dxe3 19. Bxe3 Bxe3+ 20. Rxe3 Kg7 21. Bb5 Rc8 22. c3 Rd2 23. Re2 Rcd8 24. Rae1 Na5 25. b4 cxb4 26. cxb4 Nb3 27. Bc4 Rxe2 28. Rxe2 Rd1+ 29. Kf2 Nd4 30. Rb2 b6 31. a5 b5 32. Bd5 f5 33. g3 Kf6 34. h4 f4 35. gxf4 exf4 36. Bb7 Ke5 37. Kg2 f3+ 38. Kg3 Rg1+ 39. Kh2 Ne2 40. Ba6 f2 0-1

[Event "Vicente Lopez IRT op"]
[Site "Vicente Lopez"]
[Date "2003.07.26"]
[Round "2.3"]
[White "Sosa, Ruben"]
[Black "Chadwick, Norman William"]
[Result "0-1"]
[WhiteElo "2125"]
[BlackElo "2177"]
[PlyCount "60"]
[EventDate "2003.07.25"]
[EventType "swiss"]
[EventRounds "10"]
[EventCountry "ARG"]
[SourceTitle "CBM 095 Extra"]
[Source "ChessBase"]
[SourceDate "2003.09.04"]
[SourceVersion "1"]
[SourceVersionDate "2003.09.04"]
[SourceQuality "1"]

1. e4 c5 2. Nf3 Nc6 3. d4 cxd4 4. Nxd4 Nf6 5. Nc3 e5 6. Nb3 Bb4 7. Bg5 h6 8. Bxf6 Qxf6 9. Qd3 0-0 10. a3 Bxc3+ 11. Qxc3 d6 12. Rd1 Rd8 13. Bc4 Be6 14. 0-0 Rac8 15. Bxe6 fxe6 16. Rd2 Qf4 17. Rfd1 Qxe4 18. Rxd6 Rxd6 19. Rxd6 Ne7 20. Qd3 Qe1+ 21. Qf1 Qxf1+ 22. Kxf1 Rxc2 23. Rd7 Nd5 24. Ke1 b6 25. Nd2 Nf4 26. Nf3 e4 27. Ne5 Nxg2+ 28. Kd1 Rxf2 29. Rd8+ Kh7 30. Ng4 Rf4 0-1

[Event "Vicente Lopez IRT op"]
[Site "Vicente Lopez"]
[Date "2003.07.25"]
[Round "1.5"]
[White "Chadwick, Norman William"]
[Black "Fresneda, Federico"]
[Result "1-0"]
[WhiteElo "2177"]
[BlackElo "2047"]
[PlyCount "109"]
[EventDate "2003.07.25"]
[EventType "swiss"]
[EventRounds "10"]
[EventCountry "ARG"]
[SourceTitle "CBM 095 Extra"]
[Source "ChessBase"]
[SourceDate "2003.09.04"]
[SourceVersion "1"]
[SourceVersionDate "2003.09.04"]
[SourceQuality "1"]

1. e4 e5 2. Nf3 Nf6 3. Nxe5 d6 4. Nf3 Nxe4 5. Nc3 Nxc3 6. dxc3 Be7 7. Be3 Nd7 8. Qd2 Ne5 9. Nxe5 dxe5 10. Bd3 Be6 11. a3 0-0 12. 0-0-0 f5 13. f3 c6 14. Qe2 Qe8 15. Rhe1 Qf7 16. Bf4 e4 17. fxe4 fxe4 18. Qxe4 Qxf4+ 19. Qxf4 Rxf4 20. Rxe6 Bg5 21. Kb1 g6 22. Bxg6 Rf6 23. Rxf6 Bxf6 24. Bd3 Kg7 25. Ka2 Rd8 26. Rf1 Rf8 27. Re1 Rd8 28. c4 h6 29. Re2 Rd7 30. b4 Re7 31. Rf2 Re1 32. Kb3 Rb1+ 33. Ka4 Ra1 34. Rf3 Re1 35. Rf1 Re8 36. Rf5 Re1 37. b5 cxb5+ 38. Rxb5 b6 39. c5 bxc5 40. Rxc5 Be5 41. h3 Kf6 42. Rc6+ Kg5 43. Rg6+ Kf4 44. Rxh6 Ra1 45. Ra6 Bb8 46. Kb3 Rg1 47. Ra4+ Kg3 48. Rg4+ Kf2 49. h4 Rh1 50. Bg6 Be5 51. h5 Rb1+ 52. Kc4 Rh1 53. a4 Bg7 54. Kd5 Re1 55. Be4 1-0

[Event "Villa Ballester CAVB-ch"]
[Site "Villa Ballester"]
[Date "2003.02.12"]
[Round "6"]
[White "Chadwick, Norman William"]
[Black "Diaz, Diego Patricio"]
[Result "1-0"]
[WhiteElo "2165"]
[BlackElo "2108"]
[PlyCount "63"]
[EventDate "2003.02.07"]
[EventType "tourn"]
[EventRounds "9"]
[EventCountry "ARG"]
[SourceTitle "EXT 2004"]
[Source "ChessBase"]
[SourceDate "2003.11.25"]
[SourceVersion "1"]
[SourceVersionDate "2003.11.25"]
[SourceQuality "1"]

1. e4 c5 2. Nf3 e6 3. d4 cxd4 4. Nxd4 a6 5. Nc3 Qc7 6. Be2 Nc6 7. 0-0 Nf6 8. Kh1 Nxd4 9. Qxd4 Bc5 10. Qd3 b5 11. f4 d6 12. Bf3 Bb7 13. e5 dxe5 14. fxe5 Rd8 15. Nxb5 Qxe5 16. Bf4 Qxf4 17. Bxb7 Qb8 18. Bc6+ Ke7 19. Qc4 Qb6 20. b4 Qxc6 21. Na7 Qb6 22. Qxc5+ Qxc5 23. bxc5 Rd5 24. c6 Ra8 25. c7 Rc5 26. c8Q Raxc8 27. Nxc8+ Rxc8 28. Rfc1 Rc3 29. Rab1 Nd5 30. Rb7+ Kf8 31. Kg1 e5 32. Rd1 1-0